[Event "Chessemy Open 2022"]
[Site "Reinstorf"]
[Date "2022.02.05"]
[Round "8.3"]
[White "Schulze, Lara"]
[Black "Van den Doel, Erik"]
[Result "1/2-1/2"]
[WhiteElo "2282"]
[BlackElo "2591"]
[Annotator "TA"]
[PlyCount "145"]
[EventDate "2022.01.29"]
[EventType "swiss"]
[EventCountry "GER"]
[SourceTitle "playchess.com"]
[Source "ChessBase"]
[SourceQuality "1"]

1. e4 e5 2. Nf3 Nc6 3. Nc3 Nf6 4. d4 exd4 5. Nxd4 Bb4 6. Nxc6 bxc6 7. Bd3 O-O 8. O-O Re8 9. Re1 Rb8 10. e5 Nd5 11. Nxd5 cxd5 12. c3 Bf8 13. Qh5 g6 14. Qf3 c6 15. Qg3 Rb6 16. h4 c5 17. Bg5 Be7 18. b4 Bxg5 19. hxg5 cxb4 20. cxb4 Rxb4 21. Bc2 Bb7 22. Bb3 Rd4 23. Rad1 Qb6 24. Kh2 Bc6 25. f4 Re6 26. Rxd4 Qxd4 27. Rd1 Qe4 28. Qf3 Qxf3 29. gxf3 d6 30. Bxd5 Bxd5 31. Rxd5 dxe5 32. Rxe5 Ra6 33. Re2 Ra5 34. Kg2 Kg7 35. Kg3 h5 36. gxh6+ Kxh6 37. Kg4 Kg7 38. Kg3 Kf6 39. Kg4 Rc5 40. Rb2 Ke6 41. Rd2 Ra5 42. Kh4 Kf5 43. Kg3 f6 44. Rc2 g5 45. fxg5 Kxg5 46. Rd2 Ra3 47. Rc2 a5 48. Rc5+ f5 49. Rc2 f4+ 50. Kg2 Kh4 51. Rd2 Rc3 52. Rb2 Rc1 53. Kh2 Rc3 54. Kg2 a4 55. Re2 a3 56. Rd2 Rc1 57. Kh2 Rb1 58. Rc2 Rf1 59. Kg2 Ra1 60. Kh2 Kg5 61. Rc5+ Kh4 62. Rc2 Rd1 63. Kg2 Kg5 64. Rc5+ Kf6 65. Kh3 Rd2 66. Kg4 Rxa2 67. Ra5 Ra1 68. Kxf4 Ke6 69. Ke4 a2 70. Kf4 Kd6 71. Kf5 Rf1 72. Rxa2 Rxf3+ 73. Ke4 1/2-1/2

[Event "Chessemy Open 2022"]
[Site "Reinstorf"]
[Date "2022.02.05"]
[Round "8.3"]
[White "Cordts, Elof"]
[Black "Alquist, Erik"]
[Result "0-1"]
[WhiteElo "1676"]
[BlackElo "1965"]
[Annotator "TA"]
[PlyCount "56"]
[EventDate "2022.01.29"]
[EventType "swiss"]
[EventCountry "GER"]
[SourceTitle "playchess.com"]
[Source "ChessBase"]
[SourceQuality "1"]

1. e4 c5 2. Nc3 e6 3. Nge2 Nc6 4. d4 cxd4 5. Nxd4 Qc7 6. g3 a6 7. Bg2 Nf6 8. O-O Nxd4 9. Qxd4 Bc5 10. Qd3 d6 11. Na4 Ba7 12. c4 Bd7 13. Nc3 Ng4 14. Nd1 Ne5 15. Qc3 Qxc4 16. Qxc4 Nxc4 17. b3 Ne5 18. Be3 Ke7 19. Bxa7 Rxa7 20. Ne3 Rc8 21. Rac1 Raa8 22. Rfd1 Rxc1 23. Rxc1 Rc8 24. Rxc8 Bxc8 25. Bf1 Bd7 26. a4 Bc6 27. Bg2 Nd3 28. Nc2 Nc5 0-1

[Event "Chessemy Open 2022"]
[Site "Reinstorf"]
[Date "2022.02.05"]
[Round "8.4"]
[White "Baum, Jonasz"]
[Black "Kozak, Adam"]
[Result "1/2-1/2"]
[WhiteElo "2287"]
[BlackElo "2526"]
[Annotator "TA"]
[PlyCount "228"]
[EventDate "2022.01.29"]
[EventType "swiss"]
[EventCountry "GER"]
[SourceTitle "playchess.com"]
[Source "ChessBase"]
[SourceQuality "1"]

1. d4 Nf6 2. c4 e6 3. Nf3 d5 4. Nc3 Nbd7 5. cxd5 exd5 6. Bg5 c6 7. e3 Be7 8. Bd3 Ne4 9. Bxe7 Qxe7 10. Bxe4 dxe4 11. Nd2 Nf6 12. Qc2 Bf5 13. O-O O-O 14. f3 Rfe8 15. fxe4 Bxe4 16. Ndxe4 Nxe4 17. Nxe4 Qxe4 18. Qxe4 Rxe4 19. Rf3 Rd8 20. Rc1 Rd5 21. b4 f6 22. Rc5 Rxc5 23. bxc5 b6 24. cxb6 axb6 25. a4 Kf7 26. Rf2 Rxe3 27. Rb2 Ra3 28. Rxb6 Rxa4 29. Rxc6 Rxd4 30. Rc7+ Kg6 31. Kf2 h5 32. h3 Ra4 33. Rb7 Kh6 34. Rf7 Rb4 35. Kf3 Kg6 36. Ra7 f5 37. Kg3 h4+ 38. Kf2 Kf6 39. Ra6+ Kg5 40. Ra7 g6 41. Ra6 Rb8 42. Rc6 Rf8 43. Rc4 Rf6 44. Ra4 Kh5 45. Kf3 g5 46. Ra5 Kg6 47. Ra8 Rb6 48. Rg8+ Kf6 49. Rf8+ Ke6 50. Re8+ Kf7 51. Ra8 Rb3+ 52. Kf2 Rb4 53. Ra6 Re4 54. Rb6 Re6 55. Rb8 Kf6 56. Rf8+ Ke5 57. Kf3 Ra6 58. Re8+ Kf6 59. Rf8+ Ke6 60. Re8+ Kf7 61. Rb8 Ra3+ 62. Kf2 Rd3 63. Rb6 Rd4 64. Ra6 Re4 65. Rb6 Re6 66. Rb8 Rd6 67. Kf3 Ra6 68. Rc8 Ke7 69. Rb8 Ra3+ 70. Kf2 Rd3 71. Rb6 Rd6 72. Rb8 Kf6 73. Ke3 Ra6 74. Rf8+ Ke6 75. Re8+ Kf7 76. Rb8 Ke7 77. Kf3 Ra3+ 78. Kf2 Rd3 79. Rb6 Rd6 80. Rb8 Kf6 81. Ke3 Re6+ 82. Kf3 Ra6 83. Rf8+ Ke6 84. Re8+ Kf7 85. Rb8 Rc6 86. Ra8 Rc3+ 87. Kf2 Ke6 88. Re8+ Kf6 89. Rg8 Rc2+ 90. Kf3 Rc3+ 91. Kf2 Rg3 92. Ra8 g4 93. hxg4 Rxg4 94. Rf8+ Ke5 95. Re8+ Kf4 96. Rh8 Ke5 97. Re8+ Kf6 98. Rf8+ Ke6 99. Rh8 Rf4+ 100. Kg1 Kf6 101. Kh2 Kg7 102. Ra8 Rg4 103. Ra6 Rg6 104. Rxg6+ Kxg6 105. Kh3 Kh5 106. g3 hxg3 107. Kxg3 Kg5 108. Kf3 f4 109. Kf2 Kg4 110. Kg2 f3+ 111. Kf2 Kf4 112. Kf1 Kg3 113. Kg1 f2+ 114. Kf1 Kf3 1/2-1/2

[Event "Chessemy Open 2022"]
[Site "Reinstorf"]
[Date "2022.02.05"]
[Round "8.4"]
[White "Borkhardt, Arndt"]
[Black "Krause, Marianne"]
[Result "1-0"]
[WhiteElo "1940"]
[BlackElo "1548"]
[Annotator "TA"]
[PlyCount "87"]
[EventDate "2022.01.29"]
[EventType "swiss"]
[EventCountry "GER"]
[SourceTitle "playchess.com"]
[Source "ChessBase"]
[SourceQuality "1"]

1. e4 c6 2. Nc3 d5 3. Nf3 Nf6 4. e5 Ne4 5. Ne2 Bf5 6. d3 Nc5 7. Ng3 Bg6 8. h4 h6 9. h5 Bh7 10. Be3 e6 11. Be2 Ncd7 12. d4 Nb6 13. Kf1 N8d7 14. Bd3 Bxd3+ 15. Qxd3 Nc4 16. Bc1 Qc7 17. b3 Ncb6 18. a4 a5 19. Be3 c5 20. dxc5 Bxc5 21. Bxc5 Qxc5 22. Ne2 Rc8 23. Ned4 O-O 24. g4 Qc3 25. Qxc3 Rxc3 26. Ke2 Rfc8 27. Rag1 Nf8 28. g5 hxg5 29. Rxg5 Nh7 30. Rg2 Kh8 31. Rhg1 Rg8 32. Kd2 Rc5 33. Nb5 Rcc8 34. Nd6 Rc7 35. Nd4 Re7 36. f4 f5 37. Nxe6 Nf8 38. Ng5 g6 39. Ngf7+ Kh7 40. hxg6+ Rxg6 41. Rh2+ Kg7 42. Ng5 Rc7 43. Nxf5+ Kg8 44. Rgh1 1-0

[Event "Chessemy Open 2022"]
[Site "Reinstorf"]
[Date "2022.02.05"]
[Round "8.5"]
[White "Niermann, Tristan"]
[Black "Vypkhaniuk, Ihor"]
[Result "1-0"]
[WhiteElo "2263"]
[BlackElo "2426"]
[Annotator "TA"]
[PlyCount "154"]
[EventDate "2022.01.29"]
[EventType "swiss"]
[EventCountry "GER"]
[SourceTitle "playchess.com"]
[Source "ChessBase"]
[SourceQuality "1"]

1. d4 Nf6 2. c4 g6 3. g3 c5 4. dxc5 Qa5+ 5. Nc3 Bg7 6. Bd2 Qxc5 7. Rc1 O-O 8. Bg2 Na6 9. Nh3 d5 10. cxd5 Bxh3 11. Bxh3 Nxd5 12. Bg2 Nxc3 13. Bxc3 Rad8 14. Qb3 Bh6 15. Rd1 Rxd1+ 16. Qxd1 Bg7 17. Bxg7 Kxg7 18. O-O Qb4 19. Qd7 Rb8 20. b3 Kf8 21. Rc1 Nc5 22. Qc7 Na6 23. Qd7 Nc5 24. Qd5 Na6 25. e3 Qd6 26. Qxd6 exd6 27. Bf1 Nc5 28. b4 Ne6 29. Bh3 f5 30. Bg2 Ke7 31. Bd5 a5 32. bxa5 Ra8 33. Rb1 Nc5 34. Rb5 Ra7 35. f4 Kd7 36. Bg8 h6 37. Bh7 Kc6 38. Rb6+ Kd5 39. Bxg6 Rxa5 40. Bxf5 Rxa2 41. e4+ Nxe4 42. Rxb7 Nc3 43. Re7 Ne2+ 44. Kf1 Nd4 45. Be4+ Kc5 46. Rc7+ Kb4 47. Bd5 Rd2 48. Ke1 Rd3 49. Kf2 Nb5 50. Rc4+ Ka5 51. Bg2 Rd2+ 52. Kf1 Nd4 53. Ke1 Nb3 54. Rc3 Rb2 55. Bd5 Nd4 56. h4 Nc2+ 57. Kf1 Kb4 58. Rf3 Nd4 59. Rf2 Rb1+ 60. Kg2 Kc5 61. Be4 Re1 62. Bg6 d5 63. f5 Kd6 64. f6 Ne6 65. Bf5 Nd8 66. g4 Nf7 67. Kg3 Ra1 68. Bg6 Ra3+ 69. Kf4 Ne5 70. Kf5 Rf3+ 71. Rxf3 Nxf3 72. h5 Ng5 73. Be8 d4 74. Bb5 Nf3 75. Kg6 Ne5+ 76. Kg7 Kc5 77. Bf1 d3 1-0

[Event "Chessemy Open 2022"]
[Site "Reinstorf"]
[Date "2022.02.05"]
[Round "8.5"]
[White "Schoell, Tobias"]
[Black "Reuter, Maximilian"]
[Result "1/2-1/2"]
[WhiteElo "1635"]
[BlackElo "1933"]
[Annotator "TA"]
[PlyCount "102"]
[EventDate "2022.01.29"]
[EventType "swiss"]
[EventCountry "GER"]
[SourceTitle "playchess.com"]
[Source "ChessBase"]
[SourceQuality "1"]

1. Nf3 d5 2. c4 Nf6 3. g3 c6 4. Bg2 Bf5 5. cxd5 cxd5 6. Qb3 Qc8 7. Nc3 e6 8. O-O Be7 9. d3 h6 10. Bd2 O-O 11. Rac1 Nc6 12. Nb5 Qd7 13. Rfd1 Rfc8 14. Nbd4 Nxd4 15. Nxd4 Bg6 16. Nf3 Bd6 17. Bc3 Qe7 18. Rc2 Nd7 19. Be1 Nc5 20. Qc3 Rc7 21. Qd2 Rac8 22. Rdc1 b6 23. Nd4 Qd7 24. Qd1 Qa4 25. Bc3 e5 26. b3 Qd7 27. Nf3 d4 28. Bb4 Na6 29. Rxc7 Rxc7 30. Rxc7 Qxc7 31. Bxd6 Qxd6 32. Qc1 Nb4 33. Nh4 Nxa2 34. Qc8+ Kh7 35. Nxg6 fxg6 36. Qa8 Nc3 37. Bf3 a5 38. h4 h5 39. Qe8 Nd5 40. Be4 Ne7 41. g4 hxg4 42. h5 Qf6 43. hxg6+ Nxg6 44. Bxg6+ Qxg6 45. Qxe5 Qf6 46. Qh5+ Qh6 47. Qf5+ Qg6 48. Qe5 Qf6 49. Qh5+ Qh6 50. Qf5+ Kg8 51. Qc8+ Kh7 1/2-1/2

[Event "Chessemy Open 2022"]
[Site "Reinstorf"]
[Date "2022.02.05"]
[Round "8.6"]
[White "Richter, Nils"]
[Black "Lubbe, Melanie"]
[Result "1-0"]
[WhiteElo "2270"]
[BlackElo "2297"]
[Annotator "TA"]
[PlyCount "57"]
[EventDate "2022.01.29"]
[EventType "swiss"]
[EventCountry "GER"]
[SourceTitle "playchess.com"]
[Source "ChessBase"]
[SourceQuality "1"]

1. d4 d6 2. Nf3 g6 3. c4 f5 4. g3 Nf6 5. Bg2 Bg7 6. O-O O-O 7. Nc3 Nc6 8. d5 Na5 9. b3 Ne4 10. Nxe4 Bxa1 11. Neg5 c5 12. Bd2 Bg7 13. Qe1 b6 14. e4 h6 15. Ne6 Bxe6 16. dxe6 Rc8 17. Nh4 Qe8 18. Qb1 f4 19. e5 g5 20. exd6 exd6 21. Nf5 Nc6 22. Bxc6 Rxc6 23. Nxg7 Kxg7 24. Bc3+ Rf6 25. Qf5 Qg6 26. g4 Rc8 27. Rd1 Rcf8 28. e7 Re8 29. Rxd6 1-0

[Event "Chessemy Open 2022"]
[Site "Reinstorf"]
[Date "2022.02.05"]
[Round "8.6"]
[White "Semling, Julius"]
[Black "Ziese, Gerhard"]
[Result "0-1"]
[WhiteElo "1515"]
[BlackElo "1876"]
[Annotator "NA RC"]
[PlyCount "124"]
[EventDate "2022.01.29"]
[EventType "swiss"]
[EventCountry "GER"]
[SourceTitle "playchess.com"]
[Source "ChessBase"]
[SourceQuality "1"]

1. e4 e5 2. Nf3 Nc6 3. Bc4 Nf6 4. d3 Be7 5. O-O O-O 6. Nc3 d6 7. a4 Be6 8. Nd5 Qd7 9. Be3 Ng4 10. h3 Nxe3 11. fxe3 f5 12. exf5 Rxf5 13. e4 Rf7 14. Qe1 Raf8 15. Qg3 h6 16. Qg6 Bf6 17. Nh2 Ne7 18. Nxe7+ Qxe7 19. Ng4 Kh8 20. Bxe6 Qxe6 21. Rf5 Qe7 22. Raf1 a5 23. d4 exd4 24. e5 dxe5 25. Nxe5 b6 26. Qxf7 Qxf7 27. Nxf7+ Rxf7 28. Rd1 Re7 29. Kf2 Kh7 30. Rd3 Kg6 31. Rb5 Kf7 32. c3 dxc3 33. bxc3 Ke8 34. c4 Re4 35. c5 Rxa4 36. cxb6 cxb6 37. Ke3 Be7 38. Re5 Rb4 39. Kd2 Kf8 40. Re6 Bc5 41. Kc2 Kf7 42. Rc6 Re4 43. Rd7+ Kg8 44. Kd3 Re3+ 45. Kd2 Rg3 46. Ra7 Rxg2+ 47. Kd1 Ra2 48. Rcc7 Bd4 49. Rd7 Bf6 50. Ra8+ Kh7 51. Ra6 Ra3 52. Rxb6 Kg6 53. Rd5 Rxh3 54. Rxa5 h5 55. Ke2 h4 56. Rb4 Rc3 57. Rg4+ Kh6 58. Ra8 Kh7 59. Ra5 Rh3 60. Kf2 Rh2+ 61. Rg2 Rh1 62. Rg1 Bd4+ 0-1

[Event "Chessemy Open 2022"]
[Site "Reinstorf"]
[Date "2022.02.05"]
[Round "8.7"]
[White "Koellner, Aaron Noah"]
[Black "Lubbe, Nikolas"]
[Result "0-1"]
[WhiteElo "2155"]
[BlackElo "2433"]
[Annotator "TA"]
[PlyCount "96"]
[EventDate "2022.01.29"]
[EventType "swiss"]
[EventCountry "GER"]
[SourceTitle "playchess.com"]
[Source "ChessBase"]
[SourceQuality "1"]

1. d4 Nf6 2. Nf3 b6 3. Bg5 Ne4 4. h4 d5 5. e3 Bb7 6. Nbd2 Nd7 7. Bd3 h6 8. Bf4 e6 9. Ne5 Nxd2 10. Qxd2 Bd6 11. Bb5 Bxe5 12. Bxd7+ Qxd7 13. Bxe5 f6 14. Bf4 c5 15. O-O-O Qe7 16. g4 e5 17. Bg3 cxd4 18. exd4 e4 19. g5 Rc8 20. gxf6 gxf6 21. Bf4 Ba6 22. Kb1 h5 23. Rhg1 Kf7 24. Rg3 Rhg8 25. Rdg1 Qd7 26. Qd1 Qf5 27. Rxg8 Rxg8 28. Rxg8 Kxg8 29. Qg1+ Kf7 30. Qg3 Bc8 31. Bh6 Qg4 32. Qc7+ Kg6 33. Bc1 Qd7 34. Qf4 Qf5 35. Qg3+ Qg4 36. Qc7 Be6 37. Qxa7 Qxh4 38. Qxb6 Bf7 39. a4 Qxf2 40. a5 h4 41. Qb8 e3 42. b4 e2 43. Bd2 Qxd4 44. Be1 Qd1+ 45. Kb2 Qxe1 46. a6 d4 47. a7 Qc3+ 48. Kc1 e1=Q# 0-1

[Event "Chessemy Open 2022"]
[Site "Reinstorf"]
[Date "2022.02.05"]
[Round "8.7"]
[White "Hipler, Andreas"]
[Black "Buchinger, Alexis"]
[Result "1/2-1/2"]
[WhiteElo "1803"]
[BlackElo "1509"]
[Annotator "NA RC"]
[PlyCount "103"]
[EventDate "2022.01.29"]
[EventType "swiss"]
[EventCountry "GER"]
[SourceTitle "playchess.com"]
[Source "ChessBase"]
[SourceQuality "1"]

1. d4 d5 2. Nf3 Nf6 3. g3 Bf5 4. Bg2 e6 5. c4 c6 6. Nc3 Bd6 7. Qb3 Qd7 8. O-O Na6 9. Nh4 Bg6 10. Bg5 Be7 11. Rac1 Bh5 12. Nf3 Bxf3 13. exf3 O-O 14. Rfe1 h6 15. Bf4 Bb4 16. a3 Bxc3 17. bxc3 dxc4 18. Qxc4 Nd5 19. Be3 Rfe8 20. f4 Rac8 21. Qa4 Nb6 22. Qb3 c5 23. Red1 c4 24. Qc2 Nd5 25. Bh3 Qd6 26. Ra1 Rc6 27. Rdb1 Rb6 28. Rxb6 Qxb6 29. Rb1 Qc6 30. Qb2 Rb8 31. f5 Nac7 32. fxe6 fxe6 33. Bg2 Qd6 34. Bc1 b5 35. Qc2 Qe7 36. Bb2 a5 37. Re1 Qf6 38. Re5 Rf8 39. Qe2 b4 40. axb4 axb4 41. Bxd5 Nxd5 42. Rxe6 Qf5 43. cxb4 Qb1+ 44. Kg2 c3 45. Bxc3 Nxc3 46. Qc4 Qa2 47. Rc6+ Qxc4 48. Rxc4 Nd1 49. Rc2 Rd8 50. Rd2 Nc3 51. Kf3 Kf7 52. Rc2 1/2-1/2

[Event "Chessemy Open 2022"]
[Site "Reinstorf"]
[Date "2022.02.05"]
[Round "8.8"]
[White "Koellner, Ruben Gideon"]
[Black "Ewert, Hannes"]
[Result "1-0"]
[WhiteElo "2428"]
[BlackElo "2274"]
[Annotator "TA"]
[PlyCount "71"]
[EventDate "2022.01.29"]
[EventType "swiss"]
[EventCountry "GER"]
[SourceTitle "playchess.com"]
[Source "ChessBase"]
[SourceQuality "1"]

1. d4 Nf6 2. Nf3 c5 3. e3 e6 4. Nbd2 b6 5. Bd3 Bb7 6. O-O Be7 7. c3 O-O 8. Qe2 d6 9. e4 cxd4 10. cxd4 Nc6 11. a3 e5 12. d5 Nb8 13. Nc4 Nbd7 14. b4 Rc8 15. Bd2 Ne8 16. Ne3 g6 17. Rfc1 Ng7 18. Ba6 Bxa6 19. Qxa6 f5 20. Rxc8 Qxc8 21. Qxa7 fxe4 22. Rc1 Qe8 23. Rc7 exf3 24. Rxd7 Rf7 25. a4 Nf5 26. Rb7 Nd4 27. Ng4 Ne2+ 28. Kf1 fxg2+ 29. Kxg2 Nf4+ 30. Bxf4 Rxf4 31. Nh6+ Kf8 32. Rb8 Bd8 33. Qxh7 Rxf2+ 34. Kxf2 Bh4+ 35. Kg2 Qxb8 36. Qf7# 1-0

[Event "Chessemy Open 2022"]
[Site "Reinstorf"]
[Date "2022.02.05"]
[Round "8.8"]
[White "Steuer, Christopher"]
[Black "Kreusch, Frank"]
[Result "1-0"]
[WhiteElo "1574"]
[BlackElo "1789"]
[Annotator "NA RC"]
[PlyCount "103"]
[EventDate "2022.01.29"]
[EventType "swiss"]
[EventCountry "GER"]
[SourceTitle "playchess.com"]
[Source "ChessBase"]
[SourceQuality "1"]

1. e4 d5 2. exd5 Nf6 3. d4 Nxd5 4. Nf3 Bg4 5. c4 Nf6 6. Be2 e6 7. Be3 c6 8. Nc3 Nbd7 9. h3 Bh5 10. g4 Bg6 11. Nh4 Be7 12. Nxg6 hxg6 13. g5 Nh5 14. h4 Qc7 15. Bf3 Nb6 16. Qb3 Nd7 17. O-O-O O-O 18. Qc2 Rac8 19. Bxh5 gxh5 20. g6 f5 21. Qe2 f4 22. Ne4 Qa5 23. c5 Rf5 24. Bxf4 Qxa2 25. Bg5 Bf6 26. Nd6 Bxd4 27. Nxf5 Qa1+ 28. Kd2 Qa5+ 29. Kc2 Qxc5+ 30. Kb1 Qxf5+ 31. Qc2 Qxc2+ 32. Kxc2 c5 33. f4 Rc6 34. Rhe1 Kf8 35. Re2 Rb6 36. b3 Ra6 37. Rde1 Ra2+ 38. Kd3 Rxe2 39. Rxe2 e5 40. f5 Nb6 41. Rg2 Nd7 42. Kc4 a6 43. Kd5 Ke8 44. Kd6 a5 45. Rg3 e4 46. Kd5 Bf2 47. Rh3 a4 48. bxa4 Nb6+ 49. Ke6 Nxa4 50. Ra3 b5 51. f6 Kf8 52. f7 1-0

[Event "Chessemy Open 2022"]
[Site "Reinstorf"]
[Date "2022.02.05"]
[Round "8.9"]
[White "Skytte, Rasmus"]
[Black "Sreyas Payyappat"]
[Result "1-0"]
[WhiteElo "2377"]
[BlackElo "2250"]
[Annotator "TA"]
[PlyCount "97"]
[EventDate "2022.01.29"]
[EventType "swiss"]
[EventCountry "GER"]
[SourceTitle "playchess.com"]
[Source "ChessBase"]
[SourceQuality "1"]

1. Nf3 Nf6 2. d4 e6 3. c4 c5 4. d5 exd5 5. cxd5 d6 6. Nc3 g6 7. Bf4 Bg7 8. Qa4+ Bd7 9. Qb3 b5 10. Bxd6 Qb6 11. Be5 O-O 12. e3 c4 13. Qd1 b4 14. Nb1 Rc8 15. Be2 Qa5 16. O-O Qxd5 17. Qxd5 Nxd5 18. Bxg7 Kxg7 19. Rc1 Bb5 20. Nd4 Ba6 21. Bf3 Bb7 22. Nd2 c3 23. bxc3 bxc3 24. Ne4 Rd8 25. Nc5 Bc8 26. Nb5 Nc6 27. Nxc3 Nce7 28. Nxd5 Nxd5 29. Rd1 Be6 30. Nxe6+ fxe6 31. Rac1 Rac8 32. g3 Nb6 33. Rxc8 Rxd1+ 34. Bxd1 Nxc8 35. Kf1 Nd6 36. Ke2 Ne4 37. Bb3 Kf6 38. f3 Ng5 39. a4 Nf7 40. Kd3 Ne5+ 41. Ke4 g5 42. Bd1 h5 43. f4 gxf4 44. exf4 Nd7 45. a5 e5 46. fxe5+ Nxe5 47. Bxh5 a6 48. Kd5 Kf5 49. Be2 1-0

[Event "Chessemy Open 2022"]
[Site "Reinstorf"]
[Date "2022.02.05"]
[Round "8.9"]
[White "Rotaermel, Leonie"]
[Black "Semling, Johannes"]
[Result "1-0"]
[WhiteElo "1427"]
[BlackElo "1765"]
[Annotator "NA RC"]
[PlyCount "45"]
[EventDate "2022.01.29"]
[EventType "swiss"]
[EventCountry "GER"]
[SourceTitle "playchess.com"]
[Source "ChessBase"]
[SourceQuality "1"]

1. e4 c5 2. Nf3 d6 3. d4 cxd4 4. Nxd4 Nf6 5. Nc3 a6 6. Be2 e6 7. Be3 Be7 8. O-O O-O 9. a4 Qc7 10. Kh1 Nc6 11. f4 Nxd4 12. Bxd4 e5 13. Be3 exf4 14. Bxf4 Be6 15. Qd3 Nd7 16. Rfd1 Ne5 17. Bxe5 dxe5 18. Nd5 Bxd5 19. Qxd5 Qxc2 20. Qxb7 Qxe2 21. Qxe7 Qxe4 22. Re1 Rae8 23. Qxf8+ 1-0

[Event "Chessemy Open 2022"]
[Site "Reinstorf"]
[Date "2022.02.05"]
[Round "8.10"]
[White "Bracker, Frank"]
[Black "Laux, Dominik"]
[Result "1/2-1/2"]
[WhiteElo "2371"]
[BlackElo "2200"]
[Annotator "TA"]
[PlyCount "27"]
[EventDate "2022.01.29"]
[EventType "swiss"]
[EventCountry "GER"]
[SourceTitle "playchess.com"]
[Source "ChessBase"]
[SourceQuality "1"]

1. c4 c6 2. Nf3 d5 3. g3 Nf6 4. Bg2 dxc4 5. Qc2 Be6 6. Na3 Qd5 7. O-O g6 8. Ne1 Qe5 9. e4 Qd4 10. d3 Bg7 11. Nxc4 O-O 12. Nf3 Qd7 13. Nfe5 Qc8 14. d4 1/2-1/2

[Event "Chessemy Open 2022"]
[Site "Reinstorf"]
[Date "2022.02.05"]
[Round "8.11"]
[White "Peist, Juergen"]
[Black "Muedder, Rafael"]
[Result "1-0"]
[WhiteElo "2351"]
[BlackElo "2035"]
[Annotator "TA"]
[PlyCount "111"]
[EventDate "2022.01.29"]
[EventType "swiss"]
[EventCountry "GER"]
[SourceTitle "playchess.com"]
[Source "ChessBase"]
[SourceQuality "1"]

1. d4 Nf6 2. c4 g6 3. Nc3 d5 4. Nf3 Bg7 5. Qb3 dxc4 6. Qxc4 O-O 7. Bf4 Bg4 8. e4 c6 9. Be2 Na6 10. O-O Rc8 11. Rfd1 Qa5 12. Qb3 b5 13. a3 Rfd8 14. Ng5 Rf8 15. Bxg4 Nxg4 16. h3 Nf6 17. e5 Nh5 18. Be3 c5 19. Nd5 Rce8 20. e6 c4 21. Qc3 Qxc3 22. Nxc3 f5 23. Nxb5 f4 24. Nxa7 fxe3 25. fxe3 Ng3 26. Nc6 Rf5 27. Nf3 Rb5 28. Rab1 Nc7 29. Nd2 Rb6 30. Nb4 Rxe6 31. Nxc4 Nf5 32. Re1 Bh6 33. Nc2 Nd6 34. Ne5 Ne4 35. Nb4 Rd8 36. Rbc1 Nd5 37. Nxd5 Rxd5 38. Kf1 Rb6 39. b4 Ra6 40. Ra1 Rf6+ 41. Ke2 Ng3+ 42. Kd3 Bg7 43. Nf3 Rc6 44. Rec1 Rcd6 45. Rc5 Rxc5 46. bxc5 Ra6 47. a4 e5 48. Kc4 exd4 49. exd4 Nf5 50. a5 Ra8 51. a6 Kf8 52. Ra4 Ne3+ 53. Kb5 Ke7 54. Kb6 Nd5+ 55. Kc6 Rd8 56. a7 1-0

[Event "Chessemy Open 2022"]
[Site "Reinstorf"]
[Date "2022.02.05"]
[Round "8.12"]
[White "Labruyere, Roger"]
[Black "Pubantz, Jan"]
[Result "1/2-1/2"]
[WhiteElo "2024"]
[BlackElo "2286"]
[Annotator "RC"]
[PlyCount "94"]
[EventDate "2022.01.29"]
[EventType "swiss"]
[EventCountry "GER"]
[SourceTitle "playchess.com"]
[Source "ChessBase"]
[SourceQuality "1"]

1. d4 d5 2. Nf3 Nf6 3. g3 Bf5 4. Bg2 e6 5. O-O h6 6. c4 c6 7. b3 Nbd7 8. Bb2 Bd6 9. Nc3 O-O 10. e3 Re8 11. Qe2 Qe7 12. Rfd1 Rad8 13. Rac1 Ba3 14. Bxa3 Qxa3 15. Ne5 Nxe5 16. dxe5 Ne4 17. Nxe4 dxe4 18. Qc2 Rd3 19. Bf1 Rxd1 20. Rxd1 Qa5 21. Qb2 Rd8 22. Rd6 c5 23. h3 Kf8 24. g4 Bg6 25. Rxd8+ Qxd8 26. b4 Qb6 27. Qd2 Kg8 28. b5 Qc7 29. Qb2 Qa5 30. Be2 Kf8 31. Qc2 f6 32. Qd1 Qc7 33. exf6 gxf6 34. Qd2 Ke7 35. Kg2 b6 36. a4 Bf7 37. Bd1 Qe5 38. a5 h5 39. gxh5 Bxh5 40. Bxh5 Qxh5 41. axb6 axb6 42. Qa2 Qf3+ 43. Kg1 Qd1+ 44. Kg2 Qf3+ 45. Kg1 Qd1+ 46. Kg2 Qf3+ 47. Kg1 Qd1+ 1/2-1/2

[Event "Chessemy Open 2022"]
[Site "Reinstorf"]
[Date "2022.02.05"]
[Round "8.12"]
[White "Neves, Carlos Alberto Brasi"]
[Black "Wraga, Hermann"]
[Result "1-0"]
[WhiteElo "1914"]
[BlackElo "1674"]
[Annotator "TA"]
[PlyCount "79"]
[EventDate "2022.01.29"]
[EventType "swiss"]
[EventCountry "GER"]
[SourceTitle "playchess.com"]
[Source "ChessBase"]
[SourceQuality "1"]

1. d4 d6 2. Nf3 g6 3. g3 Bg7 4. Bg2 c6 5. c4 f5 6. O-O Nf6 7. Nc3 O-O 8. Qc2 Qe8 9. d5 h6 10. Re1 e5 11. dxe6 Qxe6 12. b3 Qf7 13. Bb2 Na6 14. Rad1 Qc7 15. Nh4 Kh7 16. e4 Ne8 17. exf5 Bxf5 18. Nxf5 gxf5 19. Re2 Qf7 20. Rde1 Qh5 21. Re3 Kg8 22. Bf3 Qg5 23. h4 Qd8 24. Ne2 Bxb2 25. Qxb2 Qf6 26. Qd2 Nc5 27. Nf4 Ng7 28. b4 Nd7 29. Ne6 Nxe6 30. Rxe6 Qg7 31. Qxd6 Nf6 32. R6e5 Rad8 33. Qe6+ Rf7 34. Qxf5 Qf8 35. a3 Nh7 36. Qg4+ Rg7 37. Qe6+ Rf7 38. Bh5 Rdd7 39. Bxf7+ Rxf7 40. Qg6+ 1-0

[Event "Chessemy Open 2022"]
[Site "Reinstorf"]
[Date "2022.02.05"]
[Round "8.13"]
[White "Germer, Philipp"]
[Black "Reichmann, Hendrik"]
[Result "0-1"]
[WhiteElo "2132"]
[BlackElo "2345"]
[Annotator "TA"]
[PlyCount "96"]
[EventDate "2022.01.29"]
[EventType "swiss"]
[EventCountry "GER"]
[SourceTitle "playchess.com"]
[Source "ChessBase"]
[SourceQuality "1"]

1. e4 c5 2. Nf3 a6 3. d4 cxd4 4. Nxd4 Nf6 5. Nc3 e5 6. Nb3 Bb4 7. Bd2 O-O 8. Nd5 Bxd2+ 9. Qxd2 Nxe4 10. Qe3 Nf6 11. O-O-O d6 12. Be2 Nxd5 13. Rxd5 Be6 14. Rd2 Nc6 15. Rhd1 Qc7 16. Qc3 d5 17. Nc5 Rac8 18. Nxe6 fxe6 19. Bg4 Qe7 20. Qh3 Rce8 21. c4 dxc4 22. Qe3 Nb4 23. Kb1 Qf6 24. Bf3 b5 25. Be4 Nd5 26. Qa3 Qh4 27. f3 c3 28. bxc3 Ne3 29. g3 Qh6 30. Qb3 Nxd1 31. Qxd1 Qe3 32. Qc2 h6 33. Rd3 Qc5 34. Rd7 Re7 35. Rd3 Rc8 36. Qd1 b4 37. Bg6 Rf8 38. Rd8 Rb7 39. c4 Rb8 40. Rd7 Qxc4 41. Bc2 Qc3 42. Qd6 b3 43. axb3 Rxb3+ 44. Bxb3 Qxb3+ 45. Kc1 Rxf3 46. Qe7 Rc3+ 47. Kd2 Rc2+ 48. Ke1 Qe3+ 0-1

[Event "Chessemy Open 2022"]
[Site "Reinstorf"]
[Date "2022.02.05"]
[Round "8.14"]
[White "Colbow, Collin"]
[Black "Lehaci, Miruna-Daria"]
[Result "1-0"]
[WhiteElo "2322"]
[BlackElo "2200"]
[Annotator "TA"]
[PlyCount "120"]
[EventDate "2022.01.29"]
[EventType "swiss"]
[EventCountry "GER"]
[SourceTitle "playchess.com"]
[Source "ChessBase"]
[SourceQuality "1"]

1. e4 c5 2. Na3 e6 3. c3 d5 4. exd5 exd5 5. Nf3 Nc6 6. Nc2 Nf6 7. d4 Bf5 8. Bb5 Bd6 9. O-O O-O 10. dxc5 Bxc5 11. Ncd4 Nxd4 12. Nxd4 Be4 13. Be3 a6 14. Be2 Ba7 15. a4 Qd6 16. Qd2 Bb8 17. g3 Qd7 18. f3 Bg6 19. Kg2 Re8 20. Rfe1 Nh5 21. Bf2 Bc7 22. a5 Re5 23. b4 Nf6 24. Bf1 Rae8 25. Rxe5 Rxe5 26. Re1 h5 27. h4 Ne8 28. Rxe5 Bxe5 29. Nb3 Qc6 30. Bd4 Bc7 31. Qe3 Nd6 32. Qe1 Nf5 33. Bf2 Qd6 34. f4 Nxh4+ 35. gxh4 Qxf4 36. Nc5 Qh2+ 37. Kf3 Qf4+ 38. Kg2 Qh2+ 39. Kf3 Qf4+ 40. Ke2 Be5 41. Qd2 Qg4+ 42. Ke1 Qf3 43. Bd3 Bf5 44. Qe2 Bxc3+ 45. Kd1 Qf4 46. Qe8+ Kh7 47. Qe3 Qg4+ 48. Qe2 Qg6 49. Bxf5 Qxf5 50. Qd3 Kg6 51. Qxf5+ Kxf5 52. Be1 Bd4 53. Nxb7 f6 54. Ke2 g5 55. Bf2 Be5 56. b5 axb5 57. a6 Bb8 58. Nd8 b4 59. Nc6 b3 60. Kd3 b2 1-0